[Event "Steyr Landesliga 1819"]
[Site "Austria"]
[Date "2018.11.10"]
[Round "4.5"]
[White "Almer, Gerald"]
[Black "Thalmeier, Bernd"]
[Result "1-0"]
[WhiteElo "2141"]
[BlackElo "2044"]
[PlyCount "129"]
[EventDate "2018.10.06"]
[EventType "team-tourn"]
[EventRounds "11"]
[EventCountry "AUT"]
[SourceTitle "CBM 187 Extra"]
[Source "ChessBase"]
[SourceDate "2018.11.04"]
[SourceVersion "1"]
[SourceVersionDate "2018.11.04"]
[SourceQuality "1"]
[WhiteTeam "Feldbach Kirchberg"]
[BlackTeam "Gamlitz"]
[WhiteTeamCountry "AUT"]
[BlackTeamCountry "AUT"]

1. Nf3 c5 2. e3 Nf6 3. b3 g6 4. Bb2 Bg7 5. c4 d6 6. Qc2 Nc6 7. a3 Bg4 8. Be2 Qd7 9. d3 Rb8 10. h3 Bxf3 11. Bxf3 a6 12. 0-0 0-0 13. d4 cxd4 14. exd4 Rfc8 15. b4 d5 16. c5 Ne8 17. Qd3 Nc7 18. Nd2 Qf5 19. Qe3 e6 20. Nb3 Qf6 21. Rfd1 Qh4 22. Kh2 Bh6 23. Qe1 Qf4+ 24. Kg1 Qf6 25. Qe2 Qh4 26. Qd3 Bg7 27. Rac1 Bh6 28. Rc2 Nb5 29. Re2 Nc7 30. Kh2 Qf6 31. g3 Qf5 32. Bg2 Qxd3 33. Rxd3 Nb5 34. Rd1 Nc7 35. Bf1 Bg7 36. f4 f5 37. Rde1 Kf7 38. Kg2 Re8 39. Kf3 h5 40. Re3 Bf6 41. h4 Bg7 42. Rd1 Ke7 43. Na1 Kd7 44. Nc2 Ra8 45. Rb3 Reb8 46. a4 Bf6 47. Bc3 Nd8 48. Rdb1 b5 49. cxb6 Rxb6 50. Ne1 Be7 51. Nd3 Bd6 52. Nc5+ Kc8 53. Re1 Bf8 54. Bd3 Bg7 55. Ke3 Bf6 56. Reb1 Rbb8 57. b5 axb5 58. axb5 Rb6 59. Na6 Nb7 60. Bd2 Kd7 61. Nc5+ Kd8 62. Rc1 Nd6 63. Bc3 Ndxb5 64. Bxb5 Nxb5 65. Rcb1 1-0

[Event "Steyr Landesliga 1718"]
[Site "Austria"]
[Date "2018.03.10"]
[Round "9.7"]
[White "Wieser, Andreas"]
[Black "Thalmeier, Bernd"]
[Result "1/2-1/2"]
[WhiteElo "2089"]
[BlackElo "2028"]
[PlyCount "26"]
[EventDate "2017.09.30"]
[EventType "team-tourn"]
[EventRounds "11"]
[EventCountry "AUT"]
[SourceTitle "EXT 2019"]
[Source "ChessBase"]
[SourceDate "2018.10.10"]
[SourceVersion "1"]
[SourceVersionDate "2018.10.10"]
[SourceQuality "1"]
[WhiteTeam "Graz Styria"]
[BlackTeam "Gamlitz"]
[WhiteTeamCountry "AUT"]
[BlackTeamCountry "AUT"]

1. e4 c5 2. Nf3 g6 3. d4 cxd4 4. Qxd4 Nf6 5. e5 Nc6 6. Qa4 Nd5 7. Qe4 Nc7 8. Bc4 Bg7 9. Nc3 b5 10. Bb3 0-0 11. Bf4 Bb7 12. 0-0-0 Na5 13. Qd3 Nxb3+ 1/2-1/2

[Event "Steyr Landesliga 1718"]
[Site "Austria"]
[Date "2018.01.20"]
[Round "7.7"]
[White "Dobay, Klaus"]
[Black "Thalmeier, Bernd"]
[Result "1/2-1/2"]
[WhiteElo "2099"]
[BlackElo "2028"]
[PlyCount "39"]
[EventDate "2017.09.30"]
[EventType "team-tourn"]
[EventRounds "11"]
[EventCountry "AUT"]
[SourceTitle "EXT 2019"]
[Source "ChessBase"]
[SourceDate "2018.10.10"]
[SourceVersion "1"]
[SourceVersionDate "2018.10.10"]
[SourceQuality "1"]
[WhiteTeam "Graz Austria"]
[BlackTeam "Gamlitz"]
[WhiteTeamCountry "AUT"]
[BlackTeamCountry "AUT"]

1. d4 Nf6 2. c4 e6 3. Nf3 Bb4+ 4. Bd2 Qe7 5. a3 Bxd2+ 6. Nbxd2 d6 7. e3 e5 8. d5 a5 9. Be2 0-0 10. 0-0 Bg4 11. Nh4 Bxe2 12. Qxe2 g6 13. Nhf3 a4 14. e4 Na6 15. Ne1 Nc5 16. Nd3 Nfd7 17. Rae1 f5 18. exf5 gxf5 19. Nxc5 Nxc5 20. Qh5 1/2-1/2

[Event "Steyr Landesliga 1718"]
[Site "Austria"]
[Date "2017.12.02"]
[Round "6.7"]
[White "Thalmeier, Bernd"]
[Black "Krumphals, Alfred"]
[Result "1-0"]
[WhiteElo "2028"]
[BlackElo "1948"]
[PlyCount "53"]
[EventDate "2017.09.30"]
[EventType "team-tourn"]
[EventRounds "11"]
[EventCountry "AUT"]
[SourceTitle "EXT 2019"]
[Source "ChessBase"]
[SourceDate "2018.10.10"]
[SourceVersion "1"]
[SourceVersionDate "2018.10.10"]
[SourceQuality "1"]
[WhiteTeam "Gamlitz"]
[BlackTeam "Ratten Krieglach"]
[WhiteTeamCountry "AUT"]
[BlackTeamCountry "AUT"]

1. e4 c5 2. Nc3 Nc6 3. f4 e6 4. Nf3 d6 5. Bb5 a6 6. Bxc6+ bxc6 7. d3 Bb7 8. 0-0 d5 9. Qe1 Qb6 10. Kh1 d4 11. Ne2 0-0-0 12. Ne5 Qc7 13. Bd2 Re8 14. Ba5 Qe7 15. Nc4 f5 16. e5 Qf7 17. c3 Kb8 18. Bb6 dxc3 19. bxc3 Qd7 20. Rf3 Qd5 21. Nd6 Bxd6 22. c4 Qxf3 23. gxf3 Bc7 24. Bxc7+ Kxc7 25. Qa5+ Kb8 26. Rb1 Ka8 27. Qc7 1-0

[Event "Steyr Landesliga 1516"]
[Site "Austria"]
[Date "2016.01.23"]
[Round "6.7"]
[White "Thalmeier, Bernd"]
[Black "Polansek, Justin"]
[Result "1/2-1/2"]
[WhiteElo "2047"]
[BlackElo "2037"]
[PlyCount "36"]
[EventDate "2015.09.26"]
[EventType "team-tourn"]
[EventRounds "11"]
[EventCountry "AUT"]
[SourceTitle "CBM 170 Extra"]
[Source "ChessBase"]
[SourceDate "2016.02.25"]
[SourceVersion "1"]
[SourceVersionDate "2016.02.25"]
[SourceQuality "1"]
[WhiteTeam "Gamlitz"]
[BlackTeam "Leibnitz Software"]
[WhiteTeamCountry "AUT"]
[BlackTeamCountry "AUT"]

1. e4 Nf6 2. e5 Nd5 3. d4 d6 4. c4 Nb6 5. exd6 exd6 6. Nc3 Be7 7. Bd3 Nc6 8. Nge2 Bg4 9. f3 Bh5 10. 0-0 0-0 11. Bf4 Bg6 12. b3 Bg5 13. Bxg6 hxg6 14. Bxg5 Qxg5 15. f4 Qf5 16. d5 Nb4 17. Nd4 Qd3 18. Qxd3 Nxd3 1/2-1/2

[Event "Graz op"]
[Site "Graz"]
[Date "2015.08.29"]
[Round "1"]
[White "Kokol, Peter"]
[Black "Thalmeier, Bernd"]
[Result "1-0"]
[WhiteElo "2371"]
[BlackElo "2047"]
[PlyCount "81"]
[EventDate "2015.08.29"]
[EventType "swiss"]
[EventRounds "9"]
[EventCountry "AUT"]
[SourceTitle "EXT 2016"]
[Source "ChessBase"]
[SourceDate "2015.10.08"]
[SourceVersion "1"]
[SourceVersionDate "2015.10.08"]
[SourceQuality "1"]

1. g3 c5 2. Bg2 g6 3. c4 Bg7 4. Nc3 Nc6 5. e3 d6 6. Nge2 e5 7. 0-0 Nge7 8. a3 0-0 9. h3 Rb8 10. b4 cxb4 11. axb4 Nxb4 12. Rxa7 Na6 13. Ba3 Qb6 14. Nb5 Rd8 15. Nec3 Rd7 16. Qc2 Nc6 17. Bxc6 bxc6 18. Rxd7 Bxd7 19. Nxd6 Bxh3 20. Rb1 Qd8 21. Kh2 Rxb1 22. Qxb1 Be6 23. Qb7 Nb8 24. Nce4 h6 25. Bb4 f5 26. Nc3 Bf8 27. c5 h5 28. d4 exd4 29. exd4 h4 30. d5 hxg3+ 31. fxg3 Bd7 32. Ne2 g5 33. Nd4 Bxd6 34. cxd6 Qe8 35. Bc5 f4 36. Qb3 Qh5+ 37. Kg1 Kg7 38. Ne6+ Kh6 39. Bd4 cxd5 40. Bg7+ Kg6 41. Qb1+ 1-0

[Event "Graz-ch"]
[Site "Graz"]
[Date "2013.01.25"]
[Round "6"]
[White "Gutmann, Alois"]
[Black "Thalmeier, Bernd"]
[Result "1-0"]
[WhiteElo "2041"]
[BlackElo "2040"]
[PlyCount "141"]
[EventDate "2013.01.12"]
[EventType "swiss"]
[EventRounds "7"]
[EventCountry "AUT"]
[SourceTitle "CBM 152 Extra"]
[Source "ChessBase"]
[SourceDate "2013.02.25"]
[SourceVersion "1"]
[SourceVersionDate "2013.02.25"]
[SourceQuality "1"]

1. d4 Nf6 2. c4 e6 3. Nc3 Bb4 4. Qc2 Nc6 5. Nf3 d6 6. Bg5 h6 7. Bxf6 Qxf6 8. e3 0-0 9. Bd3 e5 10. d5 Nb8 11. 0-0 Bxc3 12. Qxc3 Qe7 13. Bc2 Nd7 14. b4 a5 15. a3 f5 16. c5 dxc5 17. bxc5 e4 18. d6 cxd6 19. cxd6 Qxd6 20. Rfd1 Qf6 21. Bb3+ Kh7 22. Nd4 Ne5 23. Qc7 a4 24. Ba2 Bd7 25. Rab1 Bc6 26. Be6 Kh8 27. Nxc6 Nxc6 28. Rd6 Na5 29. g3 Ra6 30. Rxa6 bxa6 31. Bd5 Qd8 32. Qc5 Nb3 33. Bxb3 axb3 34. Qb4 Qb8 35. Rxb3 Qxb4 36. Rxb4 Rc8 37. Rb6 Rc1+ 38. Kg2 a5 39. Rb5 a4 40. Rb4 g6 41. Rxa4 Ra1 42. Ra7 Kg8 43. a4 Ra2 44. a5 Ra1 45. g4 fxg4 46. Kg3 Ra2 47. a6 Kh8 48. Kxg4 Kg8 49. h4 Ra5 50. Kf4 Ra4 51. Ke5 g5 52. hxg5 hxg5 53. Kf5 Kf8 54. Kxg5 Ke8 55. Kf5 Kd8 56. Rh7 Rxa6 57. Kxe4 Ra4+ 58. Kf5 Ra5+ 59. Kf4 Ra4+ 60. e4 Rb4 61. Kf5 Ke8 62. f4 Rb1 63. e5 Rf1 64. Ke6 Kf8 65. f5 Kg8 66. Rd7 Kf8 67. Rd8+ Kg7 68. f6+ Kh7 69. f7 Rf2 70. f8Q Rf6+ 71. exf6 1-0

[Event "Graz-ch"]
[Site "Graz"]
[Date "2011.01.16"]
[Round "6"]
[White "Thalmeier, Bernd"]
[Black "Schrank, Manfred"]
[Result "1-0"]
[WhiteElo "2055"]
[BlackElo "1846"]
[PlyCount "111"]
[EventDate "2011.01.07"]
[EventType "swiss"]
[EventRounds "7"]
[EventCountry "AUT"]
[SourceTitle "CBM 140 Extra"]
[Source "ChessBase"]
[SourceDate "2011.03.01"]
[SourceVersion "1"]
[SourceVersionDate "2011.03.01"]
[SourceQuality "1"]

1. e4 e6 2. d4 d5 3. Nc3 Nf6 4. Bg5 Bb4 5. exd5 Bxc3+ 6. bxc3 exd5 7. Qf3 Be6 8. Bd3 Nbd7 9. Rb1 Qc8 10. Ne2 h6 11. Bd2 0-0 12. h3 c5 13. Ng3 Nb6 14. Bxh6 c4 15. Be2 Qc6 16. Bc1 Rae8 17. Ba3 Qa4 18. Bxf8 Kxf8 19. 0-0 Qxc2 20. Rfc1 Qg6 21. Bd1 Bc8 22. Bc2 Qg5 23. Rd1 Bd7 24. a4 Bc6 25. a5 Nc8 26. Nf5 Ne4 27. Bxe4 Rxe4 28. Ng3 Re6 29. Qh5 Qxh5 30. Nxh5 Nd6 31. Ng3 g6 32. Re1 Rxe1+ 33. Rxe1 f6 34. Re6 Ne8 35. a6 Kf7 36. axb7 Bxb7 37. Re1 Nd6 38. Ra1 Nb5 39. Ne2 Ke6 40. g4 Kf7 41. f4 Bc8 42. Kf2 Kf8 43. Ke3 Ke7 44. Kd2 a6 45. Ng3 Nd6 46. Ra5 Bb7 47. h4 Nb5 48. h5 gxh5 49. gxh5 Kf7 50. Ra1 Bc8 51. Rh1 Kg8 52. h6 Kh7 53. Nh5 Kxh6 54. Nxf6+ Kg6 55. Nxd5 Kf5 56. Ne7+ 1-0

[Event "Graz-ch"]
[Site "Graz"]
[Date "2011.01.14"]
[Round "4"]
[White "Fabian, Franz"]
[Black "Thalmeier, Bernd"]
[Result "1-0"]
[WhiteElo "1983"]
[BlackElo "2055"]
[PlyCount "85"]
[EventDate "2011.01.07"]
[EventType "swiss"]
[EventRounds "7"]
[EventCountry "AUT"]
[SourceTitle "CBM 140 Extra"]
[Source "ChessBase"]
[SourceDate "2011.03.01"]
[SourceVersion "1"]
[SourceVersionDate "2011.03.01"]
[SourceQuality "1"]

1. Nf3 c5 2. c4 g6 3. g3 Bg7 4. Bg2 Nc6 5. Nc3 d6 6. 0-0 e5 7. e4 Nge7 8. d3 0-0 9. Nd5 Bg4 10. h3 Bd7 11. Bg5 f6 12. Bd2 Rb8 13. a4 a5 14. Qc1 Nxd5 15. cxd5 Nb4 16. Ne1 b5 17. b3 bxa4 18. bxa4 Qe8 19. Bh6 Bxa4 20. Bxg7 Kxg7 21. f4 Ra8 22. Bf3 Bb5 23. Ra3 Qc8 24. Kh2 Qa6 25. Be2 Ra7 26. Qe3 Rff7 27. Bg4 Bd7 28. Be6 Bxe6 29. dxe6 Rf8 30. f5 g5 31. Qf3 Qc8 32. h4 h6 33. hxg5 hxg5 34. Kg2 Rh8 35. Rh1 Rxh1 36. Kxh1 Nc6 37. Kg2 Nd4 38. Qh5 Qh8 39. Qg6+ Kf8 40. Rxa5 Qh7 41. Qxh7 Rxh7 42. Ra8+ Kg7 43. e7 1-0

[Event "Graz op-A"]
[Site "Graz"]
[Date "2008.09.02"]
[Round "4"]
[White "Vilits, Andreas"]
[Black "Thalmeier, Bernd"]
[Result "1-0"]
[WhiteElo "2037"]
[BlackElo "2065"]
[PlyCount "65"]
[EventDate "2008.08.30"]
[EventType "swiss"]
[EventRounds "9"]
[EventCountry "AUT"]
[SourceTitle "CBM 126 Extra"]
[Source "ChessBase"]
[SourceDate "2008.11.05"]
[SourceVersion "1"]
[SourceVersionDate "2008.11.05"]
[SourceQuality "1"]

1. d4 d5 2. c4 e6 3. Nc3 Nf6 4. Bg5 Be7 5. e3 0-0 6. Nf3 h6 7. Bh4 b6 8. cxd5 exd5 9. Bd3 c5 10. 0-0 Be6 11. Ne5 Nfd7 12. Bxe7 Qxe7 13. f4 Nxe5 14. dxe5 f5 15. Qf3 Qf7 16. Bc4 Rd8 17. Rad1 Nc6 18. Bxd5 Bxd5 19. Nxd5 Nd4 20. exd4 Qxd5 21. Qxd5+ Rxd5 22. dxc5 Rxc5 23. Rd2 Rc4 24. g3 Rac8 25. Rfd1 Kh7 26. Kf2 h5 27. h4 Rb4 28. Re1 Rcc4 29. a3 Rb3 30. e6 Re4 31. e7 Rf3+ 32. Kxf3 Rxe1 33. Re2 1-0

[Event "Graz op-B"]
[Site "Graz"]
[Date "2006.09.20"]
[Round "5.7"]
[White "Zuchart, Manfred"]
[Black "Thalmeier, Bernd"]
[Result "0-1"]
[WhiteElo "1940"]
[BlackElo "2065"]
[PlyCount "108"]
[EventDate "2006.09.16"]
[EventType "swiss"]
[EventRounds "9"]
[EventCountry "AUT"]
[SourceTitle "EXT 2022"]
[Source "ChessBase"]
[SourceDate "2021.10.06"]
[SourceVersion "1"]
[SourceVersionDate "2021.10.06"]
[SourceQuality "1"]

1. e4 d5 2. exd5 Nf6 3. Nc3 Nxd5 4. Bc4 c6 5. Qf3 e6 6. Nge2 Nd7 7. Ne4 f5 8. N4g3 Ne5 9. Qb3 Bd6 10. d4 Nxc4 11. Qxc4 0-0 12. Bd2 Bd7 13. 0-0-0 b5 14. Qd3 c5 15. dxc5 Bxc5 16. Nd4 Bxd4 17. Qxd4 b4 18. Bxb4 Rf7 19. Kb1 Qc7 20. Ba3 Rb8 21. c4 Qa5 22. cxd5 Qxa3 23. Rd3 Rxb2+ 24. Qxb2 Qxd3+ 25. Ka1 Qxd5 26. f3 Qb5 27. Qc3 Qc6 28. Qb2 Qd6 29. Rb1 Bc6 30. Qb8+ Qxb8 31. Rxb8+ Rf8 32. Rxf8+ Kxf8 33. Ne2 e5 34. Nc3 Ke7 35. Kb2 Kd6 36. Nd1 Kc5 37. Kc3 Bb5 38. a3 a5 39. Nf2 Kd5 40. Nd1 f4 41. Nb2 g5 42. Kd2 e4 43. fxe4+ Kxe4 44. Nd1 Kd4 45. Nf2 Bd7 46. Nd3 h5 47. Nc1 a4 48. Ne2+ Kc4 49. Nc1 Bf5 50. Ne2 Kc5 51. g3 f3 52. Nc1 Kd4 53. Na2 Bd3 54. Nc1 Bc4 0-1

[Event "Graz op-B"]
[Site "Graz"]
[Date "2004.09.07"]
[Round "4"]
[White "Thalmeier, Bernd"]
[Black "Ungureanu, Sandu"]
[Result "0-1"]
[WhiteElo "1952"]
[BlackElo "1800"]
[PlyCount "82"]
[EventDate "2004.09.04"]
[EventType "swiss"]
[EventRounds "9"]
[EventCountry "AUT"]
[SourceTitle "EXT 2006"]
[Source "ChessBase"]
[SourceDate "2005.11.24"]
[SourceVersion "1"]
[SourceVersionDate "2005.11.24"]
[SourceQuality "1"]

1. Nf3 d5 2. g3 g6 3. Bg2 Bg7 4. 0-0 e5 5. d3 Ne7 6. Nbd2 0-0 7. c4 c6 8. Rb1 a5 9. b3 f5 10. e4 fxe4 11. dxe4 d4 12. Ne1 c5 13. Nd3 b6 14. f4 Nbc6 15. a3 Qd6 16. h3 Bd7 17. Nf3 Rae8 18. Rb2 Nc8 19. Re2 Qe7 20. Qe1 Nd6 21. Nh2 a4 22. Qd1 axb3 23. Qxb3 Rb8 24. Nb2 Na5 25. Qd3 b5 26. Qd1 bxc4 27. g4 Nb3 28. f5 Nxc1 29. Qxc1 c3 30. Nd3 Bb5 31. Rf3 c4 32. Nb4 d3 33. Nd5 Qa7+ 34. Kh1 dxe2 35. f6 Bxf6 36. Nxf6+ Rxf6 37. Rxf6 Qd4 38. Bf3 Qf2 39. Bxe2 Qxf6 40. Qxc3 Nxe4 41. Bxc4+ Kg7 0-1

[Event "Graz op-B"]
[Site "Graz"]
[Date "2004.09.06"]
[Round "3"]
[White "Jud, Karl Heinz"]
[Black "Thalmeier, Bernd"]
[Result "0-1"]
[WhiteElo "1833"]
[BlackElo "1952"]
[PlyCount "58"]
[EventDate "2004.09.04"]
[EventType "swiss"]
[EventRounds "9"]
[EventCountry "AUT"]
[SourceTitle "EXT 2006"]
[Source "ChessBase"]
[SourceDate "2005.11.24"]
[SourceVersion "1"]
[SourceVersionDate "2005.11.24"]
[SourceQuality "1"]

1. b3 Nf6 2. Bb2 d5 3. e3 Bf5 4. Nf3 e6 5. Nc3 a6 6. Be2 Bd6 7. Nh4 Bg6 8. Nxg6 hxg6 9. Bf3 c5 10. Qe2 Nc6 11. Nb1 Qc7 12. d3 0-0-0 13. h3 Kb8 14. Nd2 Nb4 15. Qd1 e5 16. a3 Nc6 17. e4 dxe4 18. Nxe4 Nxe4 19. Bxe4 f5 20. Bf3 e4 21. Be2 Be5 22. Bxe5 Qxe5 23. 0-0 f4 24. f3 e3 25. Qe1 Qg5 26. Kh1 Rh7 27. Rg1 Rdh8 28. Bf1 Nd4 29. Rc1 e2 0-1

[Event "AUT-chT2S 9697"]
[Site "Austria"]
[Date "1996.??.??"]
[Round "2"]
[White "Arwanitakis, Michael"]
[Black "Thalmeier, Bernd"]
[Result "0-1"]
[WhiteElo "1965"]
[BlackElo "2055"]
[PlyCount "60"]
[EventDate "1996.??.??"]
[EventType "team"]
[EventRounds "11"]
[EventCountry "AUT"]
[SourceTitle "EXT 1999"]
[Source "ChessBase"]
[SourceDate "1998.11.16"]
[SourceVersion "1"]
[SourceVersionDate "1998.11.16"]
[SourceQuality "1"]

1. e4 e5 2. Nf3 d6 3. d4 Nf6 4. Nc3 Nbd7 5. Bc4 Be7 6. 0-0 0-0 7. h3 h6 8. Be3 c6 9. a4 b6 10. Qd2 Bb7 11. Ba2 Qc7 12. Rad1 Rac8 13. Rfe1 a6 14. Qc1 b5 15. Nh4 Rfe8 16. Bxh6 gxh6 17. Qxh6 d5 18. Re3 exd4 19. Rxd4 Bf8 20. Qg5+ Kh8 21. Nf5 Nh7 22. Qh4 Qd8 23. Qf4 Qg5 24. Qh2 Bc5 25. Rg3 Qf6 26. Rd1 Ne5 27. Ne2 dxe4 28. Ne3 Ng5 29. Nc3 Bd6 30. Bb3 Nef3+ 0-1

[Event "Graz-ch"]
[Site "Graz"]
[Date "1994.??.??"]
[Round "9"]
[White "Flecker, Wolfgang"]
[Black "Thalmeier, Bernd"]
[Result "1/2-1/2"]
[WhiteElo "2170"]
[BlackElo "1995"]
[PlyCount "57"]
[EventDate "1994.??.??"]
[EventType "swiss"]
[EventRounds "9"]
[EventCountry "AUT"]
[SourceTitle "EXT 1998"]
[Source "ChessBase"]
[SourceDate "1997.11.17"]
[SourceVersion "1"]
[SourceVersionDate "1997.11.17"]
[SourceQuality "1"]

1. e4 e5 2. Nf3 Nf6 3. d4 Nxe4 4. Bd3 d5 5. Nxe5 Nd7 6. Qe2 Nxe5 7. Bxe4 dxe4 8. Qxe4 Be6 9. Qxe5 Qd7 10. Be3 Bd6 11. Qa5 a6 12. Nc3 b5 13. d5 Bf5 14. 0-0-0 0-0 15. a3 Rfb8 16. Na2 c5 17. dxc6 Qxc6 18. Qc3 Rc8 19. Qxc6 Rxc6 20. c3 a5 21. Kd2 b4 22. axb4 axb4 23. Nxb4 Bxb4 24. cxb4 Rc2+ 25. Ke1 Rxb2 26. h3 h5 27. Kf1 Rxb4 28. Kg1 Rb3 29. Kh2 1/2-1/2

[Event "Graz-ch"]
[Site "Graz"]
[Date "1994.??.??"]
[Round "4"]
[White "Koeck, Friedrich"]
[Black "Thalmeier, Bernd"]
[Result "0-1"]
[WhiteElo "1930"]
[BlackElo "1995"]
[PlyCount "56"]
[EventDate "1994.??.??"]
[EventType "swiss"]
[EventRounds "9"]
[EventCountry "AUT"]
[SourceTitle "EXT 1998"]
[Source "ChessBase"]
[SourceDate "1997.11.17"]
[SourceVersion "1"]
[SourceVersionDate "1997.11.17"]
[SourceQuality "1"]

1. e4 e5 2. Nf3 Nf6 3. Bc4 d5 4. exd5 e4 5. Ng5 h6 6. Nh3 Bd6 7. Nc3 a6 8. d4 Nbd7 9. Bf4 Nb6 10. Bb3 Bxh3 11. Bxd6 Bxg2 12. Rg1 Bf3 13. Ne2 Qxd6 14. c4 Qxh2 15. Ba4+ Nxa4 16. Qxa4+ b5 17. cxb5 0-0 18. bxa6 e3 19. Rf1 Bxe2 20. Kxe2 exf2 21. Rac1 Rfe8+ 22. Kd3 Qg3+ 23. Kc4 Ne4 24. Rc2 Qe3 25. Rd1 Qe1 26. Rcc1 f1Q+ 27. Kb3 Reb8+ 28. Ka3 Qe3+ 0-1

[Event "Graz-ch"]
[Site "Graz"]
[Date "1994.??.??"]
[Round "1"]
[White "Thalmeier, Bernd"]
[Black "Ebner, Walter"]
[Result "1-0"]
[WhiteElo "1995"]
[BlackElo "2175"]
[PlyCount "99"]
[EventDate "1994.??.??"]
[EventType "swiss"]
[EventRounds "9"]
[EventCountry "AUT"]
[SourceTitle "EXT 1998"]
[Source "ChessBase"]
[SourceDate "1997.11.17"]
[SourceVersion "1"]
[SourceVersionDate "1997.11.17"]
[SourceQuality "1"]

1. e4 c5 2. c3 g6 3. d4 d5 4. exd5 Qxd5 5. Nf3 Bg7 6. Be2 cxd4 7. cxd4 Nc6 8. Nc3 Qa5 9. 0-0 e6 10. Nb5 Nf6 11. Bf4 0-0 12. Bd6 Re8 13. Nc7 Rd8 14. b4 Nxb4 15. Bg3 Ne4 16. Nxa8 Nxg3 17. hxg3 Bd7 18. Qd2 Rxa8 19. Rab1 Bf8 20. Ne5 Bc6 21. Nxc6 bxc6 22. Bc4 Rd8 23. a3 Qb6 24. axb4 Rxd4 25. Qe2 Bd6 26. Rb3 h5 27. Rd1 h4 28. gxh4 Bc7 29. Rxd4 Qxd4 30. g3 Bb6 31. Kg2 Kh7 32. h5 gxh5 33. Qd2 Kg7 34. Qxd4+ Bxd4 35. Be2 Kg6 36. Rd3 Be5 37. f4 Bf6 38. Ra3 Be7 39. Ra4 Bd6 40. Kf3 Kf6 41. Ke4 Kg6 42. Ba6 Be7 43. Bb7 h4 44. gxh4 Kh5 45. Bxc6 Kg4 46. Be8 f6 47. h5 Bd6 48. f5 exf5+ 49. Kd5 Bf8 50. Rxa7 1-0

[Event "Graz-ch"]
[Site "Graz"]
[Date "1994.??.??"]
[Round "6"]
[White "Thalmeier, Bernd"]
[Black "Liebmann, Andrea"]
[Result "1-0"]
[WhiteElo "1990"]
[BlackElo "1950"]
[PlyCount "61"]
[EventDate "1994.??.??"]
[EventType "swiss"]
[EventRounds "9"]
[EventCountry "AUT"]
[SourceTitle "EXT 1998"]
[Source "ChessBase"]
[SourceDate "1997.11.17"]
[SourceVersion "1"]
[SourceVersionDate "1997.11.17"]
[SourceQuality "1"]

1. e4 e6 2. d4 d5 3. e5 c5 4. c3 Nc6 5. Nf3 Qb6 6. Be2 Bd7 7. dxc5 Bxc5 8. 0-0 f6 9. b4 Be7 10. Bf4 fxe5 11. Nxe5 Nxe5 12. Bxe5 Nf6 13. Bd3 0-0 14. Qe2 Bd6 15. Nd2 Rac8 16. Rac1 Qc7 17. f4 Be8 18. Kh1 Bh5 19. Qe3 Ng4 20. Qh3 g6 21. Bxd6 Qxd6 22. Qg3 Qb6 23. h3 Ne3 24. Rfe1 d4 25. Nb3 Nd5 26. Nxd4 Nxf4 27. Bc2 Rcd8 28. Bb3 Rf6 29. Re4 Kg7 30. Rxf4 Qd6 31. Rf3 1-0

[Event "Graz-ch"]
[Site "Graz"]
[Date "1994.??.??"]
[Round "5"]
[White "Thalmeier, Bernd"]
[Black "Preis, Wolfgang"]
[Result "0-1"]
[WhiteElo "1995"]
[BlackElo "2090"]
[PlyCount "160"]
[EventDate "1994.??.??"]
[EventType "swiss"]
[EventRounds "9"]
[EventCountry "AUT"]
[SourceTitle "EXT 1998"]
[Source "ChessBase"]
[SourceDate "1997.11.17"]
[SourceVersion "1"]
[SourceVersionDate "1997.11.17"]
[SourceQuality "1"]

1. e4 c5 2. c3 e6 3. d4 d5 4. e5 Nc6 5. Nf3 Bd7 6. a3 Rc8 7. b4 cxd4 8. cxd4 Qb6 9. Be3 Nge7 10. Bd3 Nf5 11. Bxf5 exf5 12. 0-0 h6 13. Ne1 f4 14. b5 Qxb5 15. Bxf4 Qb2 16. Nd2 Qxd4 17. Be3 Qxe5 18. Nef3 Qh5 19. Re1 Be6 20. Rb1 Bxa3 21. Qa4 Bd6 22. Rxb7 0-0 23. Bxa7 Nxa7 24. Qxa7 Bc5 25. Qa5 Qg6 26. Rc7 Bb4 27. Qa7 Rxc7 28. Qxc7 Qd3 29. Qf4 Bc3 30. Qe3 Qc2 31. Qe2 d4 32. Qd1 Qa2 33. Qb1 Qa6 34. h3 Qa5 35. Rd1 Qh5 36. Qe4 Qa5 37. Qe5 Qa4 38. Rb1 Qc2 39. Qe4 Bf5 40. Qxc2 Bxc2 41. Rb7 Re8 42. Rc7 Bg6 43. Rd7 Re2 44. Nc4 d3 45. Kh2 Rxf2 46. Kg1 Re2 47. Kf1 Ra2 48. Nfe5 Bxe5 49. Nxe5 Be4 50. Nxd3 Bxg2+ 51. Kg1 Bxh3 52. Rd8+ Kh7 53. Ne5 Ra7 54. Kh2 Be6 55. Kg3 g5 56. Rb8 Kg7 57. Rd8 h5 58. Rb8 Kf6 59. Nc6 Ra3+ 60. Kf2 Ra2+ 61. Ke3 h4 62. Rh8 Ra3+ 63. Kf2 Bd5 64. Rh6+ Kg7 65. Rd6 Bxc6 66. Rxc6 f6 67. Rb6 Kg6 68. Rc6 g4 69. Kg2 Ra2+ 70. Kf1 Kg5 71. Rc8 f5 72. Rg8+ Kf4 73. Rb8 h3 74. Rb4+ Kg3 75. Rb3+ Kh4 76. Rb8 h2 77. Rh8+ Kg3 78. Ke1 h1Q+ 79. Rxh1 Ra1+ 80. Ke2 Rxh1 0-1